Geology of water in Ohio : (Record no. 27998)
[ view plain ]
| 000 -LEADER | |
|---|---|
| fixed length control field | 01184cam a22003611a 4500 |
| 001 - CONTROL NUMBER | |
| control field | gs 44000158 |
| 003 - CONTROL NUMBER IDENTIFIER | |
| control field | DLC |
| 005 - DATE AND TIME OF LATEST TRANSACTION | |
| control field | 20260227111350.0 |
| 008 - FIXED-LENGTH DATA ELEMENTS--GENERAL INFORMATION | |
| fixed length control field | 730129s1943 ohub b s001 0 eng |
| 010 ## - LIBRARY OF CONGRESS CONTROL NUMBER | |
| LC control number | gs 44000158 |
| 035 ## - SYSTEM CONTROL NUMBER | |
| System control number | (OCoLC)546890 |
| 040 ## - CATALOGING SOURCE | |
| Original cataloging agency | DLC |
| Transcribing agency | ODaWU |
| Modifying agency | O |
| -- | DLC |
| 042 ## - AUTHENTICATION CODE | |
| Authentication code | premarc |
| 043 ## - GEOGRAPHIC AREA CODE | |
| Geographic area code | n-us-oh |
| 050 00 - LIBRARY OF CONGRESS CALL NUMBER | |
| Classification number | QE151 |
| Item number | .A18 no. 44 |
| 086 0# - GOVERNMENT DOCUMENT CLASSIFICATION NUMBER | |
| Classification number | ONR 84.3:44 |
| Number source | ohdocs |
| 100 1# - MAIN ENTRY--PERSONAL NAME | |
| Personal name | Stout, Wilber, |
| Dates associated with a name | 1876-1961. |
| 245 10 - TITLE STATEMENT | |
| Title | Geology of water in Ohio : |
| Remainder of title | (a basic report) / |
| Statement of responsibility, etc. | Wilber Stout, Karl Ver Steeg and G.F. Lamb. |
| 260 ## - PUBLICATION, DISTRIBUTION, ETC. | |
| Place of publication, distribution, etc. | Columbus : |
| Name of publisher, distributor, etc. | Geological Survey of Ohio, |
| Date of publication, distribution, etc. | 1943 |
| Manufacturer | (F.J. Heer) |
| 300 ## - PHYSICAL DESCRIPTION | |
| Extent | 694 p. : |
| Other physical details | maps (fold.) ; |
| Dimensions | 24 cm. |
| 490 1# - SERIES STATEMENT | |
| Series statement | Bulletin ; |
| Volume/sequential designation | no. 44 |
| 500 ## - GENERAL NOTE | |
| General note | Spine title: Water in Ohio. |
| 504 ## - BIBLIOGRAPHY, ETC. NOTE | |
| Bibliography, etc. note | Includes bibliographical references and index. |
| 650 #0 - SUBJECT ADDED ENTRY--TOPICAL TERM | |
| Topical term or geographic name entry element | Water-supply |
| Geographic subdivision | Ohio. |
| 650 #0 - SUBJECT ADDED ENTRY--TOPICAL TERM | |
| Topical term or geographic name entry element | Groundwater |
| Geographic subdivision | Ohio. |
| 650 #0 - SUBJECT ADDED ENTRY--TOPICAL TERM | |
| Topical term or geographic name entry element | Geology |
| Geographic subdivision | Ohio. |
| 650 #0 - SUBJECT ADDED ENTRY--TOPICAL TERM | |
| Topical term or geographic name entry element | Physical geography |
| Geographic subdivision | Ohio. |
| 700 1# - ADDED ENTRY--PERSONAL NAME | |
| Personal name | Ver Steeg, Karl, |
| Dates associated with a name | 1891- |
| 700 1# - ADDED ENTRY--PERSONAL NAME | |
| Personal name | Lamb, G. F. |
| Fuller form of name | (George Franklin), |
| Dates associated with a name | 1872- |
| 710 2# - ADDED ENTRY--CORPORATE NAME | |
| Corporate name or jurisdiction name as entry element | Geological Survey of Ohio. |
| 740 0# - ADDED ENTRY--UNCONTROLLED RELATED/ANALYTICAL TITLE | |
| Uncontrolled related/analytical title | Water in Ohio. |
| 830 #0 - SERIES ADDED ENTRY--UNIFORM TITLE | |
| Uniform title | Bulletin (Geological Survey of Ohio) ; |
| Volume/sequential designation | no. 44. |
No items available.